Quizzes
Events
Quiz Creation
Community
Videos
Private Events
Remove Ads
Sign In
Join for FREE
Feedback
Dark Mode
Quiz Categories
Sports
Geography
Music
Movies
Television
Just For Fun
Miscellaneous
History
Literature
Language
Science
Gaming
Entertainment
Religion
Holiday
For Kids
Quiz Lab
Recent
Popular Today
Quiz Kudos Today
Editor Picks
Curator Picks
Quizzes by...
Day
Popularity
Type
Ratings
Length
Year
Community
Subscriptions
Recent Discussions
Orange Saloon
Badges
Playlists
Quests
Create
Leaderboards
Showdown
Live 5
Trivia Bingo
Activity
Puzzle Library
Sporcle Events
Private Events
Virtual Trivia
Globe League
Become a Host
Pub Owners
SporcleCon
Opinionation
Our Games
Videos
Blog
Mobile Apps
Partnerships
Remove Ads and Go Orange
Feedback
Sports
Athletes
MLB
NBA
NHL
NFL
Soccer
Sports Teams
WWE
NCAA
Football
Premier League
Basketball
Baseball
Hockey
Golf
Tennis
Cricket
Rugby
Auto Racing
Olympics
World Cup
Sports
Athletes
MLB
NBA
NHL
NFL
Soccer
Sports Teams
WWE
NCAA
Football
Premier League
Basketball
Baseball
Hockey
Golf
Tennis
Cricket
Rugby
Auto Racing
Olympics
World Cup
Random Quiz
Search Sporcle
×
Quiz Lab
Quiz Lab
Sports
NBA
Type in answers that appear in a list
Type in answers that appear in a list
Classic
Best Score? Go Orange.
NBA BBVA Rising Stars Rookie/Sophmore Game Leaders 2013 Stats
Can you name the 2013 NBA Rising Star Game Participants Career Leaders in All Categories?
By
ggrani23
4m
70 Questions
250 Plays
250 Plays
250 Plays
Comments
Comments
Give Quiz Kudos
Give Quiz Kudos
-
- Ratings
hide this ad
More Info
Replay
Link that replays current quiz
Next Quiz
Link to next quiz in quiz playlist
You Got
0%
They Got
Avg Score
83%
Avg Friend Score
Upgrade to see
Score Distribution
Jump to the score distribution portion of the page
Score
0/70
Timer
04:00
0
Plays Today
Stat
Player
% Correct
Assists
Kyrie Irving
99.6%
Steals
Kyrie Irving
99.6%
3 PT Made
Kyrie Irving
99.6%
Points
Kyrie Irving
99.6%
FG %
Kyrie Irving
99.6%
Points
Damian Lillard
99.2%
Assists
Damian Lillard
99.2%
Steals
Damian Lillard
99.2%
3 PT Made
Damian Lillard
99.2%
Steals
Bradley Beal & Klay Thompson
95.2%
Rebounds
Tristan Thompson
94%
Rebounds
Klay Thompson
94%
Double Doubles
Tristan Thompson
94%
3 PT Made
Klay Thompson
94%
Points
Klay Thompson
94%
FG %
Tristan Thompson
94%
Points
Anthony Davis
93.6%
Rebounds
Anthony Davis
93.6%
Assists
Kemba Walker
93.6%
Steals
Anthony Davis
93.6%
Steals
Kemba Walker
93.6%
Blocks
Anthony Davis
93.6%
Double Doubles
Anthony Davis
93.6%
3 PT Made
Kemba Walker
93.6%
Points
Kemba Walker
93.6%
FG %
Anthony Davis
93.6%
Points
Bradley Beal
87.2%
Assists
Bradley Beal
87.2%
3 PT Made
Bradley Beal
87.2%
Rebounds
Kenneth Faried
85.2%
Steals
Kenneth Faried
85.2%
Blocks
Kenneth Faried
85.2%
Double Doubles
Kenneth Faried
85.2%
FG %
Kenneth Faried
85.2%
Assists
Ricky Rubio
84.8%
Stat
Player
% Correct
Steals
Ricky Rubio
84.8%
Rebounds
Nikola Vucevic
82.8%
Blocks
Nikola Vucevic
82.8%
Double Doubles
Nikola Vucevic
82.8%
Points
Nikola Vucevic
82.8%
FG %
Nikola Vucevic
82.8%
Rebounds
Kawhi Leonard
80.8%
Steals
Kawhi Leonard
80.8%
FG %
Kawhi Leonard
80.8%
Rebounds
Chandler Parsons
80%
Assists
Chandler Parsons
80%
Steals
Chandler Parsons
80%
Double Doubles
Chandler Parsons
80%
3 PT Made
Chandler Parsons
80%
Points
Chandler Parsons
80%
FG %
Chandler Parsons
80%
Points
Dion Waiters
77.6%
Assists
Brandon Knight
77.6%
Assists
Dion Waiters
77.6%
Steals
Dion Waiters
77.6%
3 PT Made
Brandon Knight
77.6%
3 PT Made
Dion Waiters
77.6%
Points
Brandon Knight
77.6%
Assists
Isaiah Thomas
69.2%
Blocks
Michael Kidd-Gilchrist
69.2%
3 PT Made
Isaiah Thomas
69.2%
Rebounds
Michael Kidd-Gilchrist
69.2%
FG %
Michael Kidd-Gilchrist
69.2%
Rebounds
Harrison Barnes
67.6%
FG %
Harrison Barnes
67.6%
Blocks
Tyler Zeller
65.2%
Rebounds
Tyler Zeller
65.2%
3 PT Made
Alexey Shved
52%
Assists
Alexey Shved
52%
FG %
Andrew Nicholson
33.2%
Quiz Playlist
Details
Report
Send in Message
Add To Playlist
More Info:
* Stats are from 2012-13 Season Only * Players not on Rookie or Sophmore Team are not in Quiz.
Classic:
Type in answers that appear in a list
Quiz Source
Last Updated: Feb 16, 2017
Quiz Scoreboard
CHALLENGE
Sign Up to Join the Scoreboard
Show All
Scores
Hide
Comments
May contain spoilers
Recently Published
Movies - When Are They Set?
by FPL_Elf
Movies
5m
Popular People in 1961
by mucciniale
History
6m
1-10 Letter E Words III
by El_Dandy
Language
2m
More to Explore
Quiz From the Vault
Featured Blog Post
Where Did the Easter Bunny Come From?
hide this ad
You Might Also Like...
Tags
Basketball Quiz
NBA Quiz
2013
All-Star
League Leaders
rookie
Stats Leaders
Today's Top Quizzes in Sports
Browse Sports
hide this ad
Today's Top Quizzes in NBA
Browse NBA
Top Contributed Quizzes in Sports
1
Les meilleurs buteurs des matchs entre le PSG et l’OM
2
FIFA Club World Cup Champions
3
Les entraîneurs de l'OM et du PSG au 21e siècle
4
2022 World Cup Stars
5
Name the Premier League winners with different clubs
6
La finale Lions - Afrique du Sud 2021
7
Criteria MLB: Left Handed Sluggers
8
Les joueurs passés par le LOSC et le RC Lens
9
Players with Multiple 50 Home Run Seasons
10
MLB Players with Two .350 Batting Average Seasons
Explore More
Trending Topics
Anime
Marvel
Disney
NBA
Kpop
Harry Potter
Crossword
WWE
Soccer
Pokémon
Country
The Office
NFL
Puzzle
Song
hide this ad
More By:
ggrani23
Quiz
Plays
Rating
Category
Featured
Created
Out of Shape NFL Logos
183,893
3.50
Sports
Nov 25, 2013
Top 5 NBA Technical Foul Leaders by Season
34,642
4.57
Sports
Feb 24, 2016
NFL Top 10 Rushing Leaders All Categories (2013-14)
12,642
4.74
Sports
Feb 9, 2014
Top 10 High School to NBA Leaders in All Categories
10,854
3.54
Sports
Feb 9, 2013
NBA Leaders All Categories 2012-13 @ All Star Break
9,921
4.46
Sports
Feb 17, 2013
Go to Creator's Profile
Score Distribution
Quiz Creator Spotlight
ggrani23
Follow
Send a Message
Quizzes Created
-
Created Quiz Play Count
-
More By This Creator
Popular Quizzes Today
1
Find the Countries of Europe - No Outlines Minefield
2
Find the US States - No Outlines Minefield
3
The Countries of the World
4
Popular People in 1961
5
US States
6
1-10 Letter E Words III
7
Find the US States
8
One Thing in Common: World Cities II
More Sports Quizzes
MLB players with 140 rbi in a season in the 1930's
Quiz Lab
Trending Quizzes
Risky Map Clicking: Least Populous States A-Z
1-10 Letter F Words
Humor Books: The Subtitles
1-10 Letter G Words
One Thing in Common: United Kingdom
Recently Updated
Leaping Animals
pecheneg
Reality TV Shows (A-Z)
bhenderson79
Rickey Henderson's Hall of Fame Teammates
pecheneg
Champions League XIs: Arsenal
pecheneg
Quick Pick: Celebrities in WWE's Hall of Fame
aduchscher
A-Z Keypad Blitz II
pecheneg
Multiple Oscar Actors
pecheneg
Mystery Phrase Blitz: Oscar 'Best Actors'
pecheneg
F. Scott Fitzgerald Novels
LTH
Pick 3 Villains
ddd62291
Trending Topics
Kpop
Marvel
Anime
Crossword
Harry Potter
Disney
NBA
Puzzle
Soccer
The Office
Country
NFL
Song
Pokémon
WWE
Your Account Isn't Verified!
In order to create a playlist on Sporcle, you need to verify the email address you used during registration. Go to your
Sporcle Settings
to finish the process.
Report this User
Report this user for behavior that violates our
Community Guidelines
.
Details:
Send Report
Go to the Sporcle.com Mobile Site →
Comments